[Event "31. Torneo San Viator 2019 - Grupo B"]
[Site "Madrid ESP"]
[Date "2019.09.08"]
[Round "1.1"]
[White "Jimenez Gonzalez, Marcos"]
[Black "Buzica Patrin, Teo Adrian"]
[Result "1-0"]
[WhiteElo "1732"]
[BlackElo "1443"]
[PlyCount "45"]
[EventDate "2019.09.08"]
[EventType "swiss"]
[EventRounds "9"]
[EventCountry "ESP"]
[SourceTitle "Ajedrez en Madrid"]
[Source "lmi"]
[SourceDate "2019.09.08"]
[SourceVersion "1"]
[SourceVersionDate "2019.10.29"]
[SourceQuality "1"]

1. d4 d5 2. c4 e6 3. Nf3 c6 4. e3 Nf6 5. Bd3 Be7 6. O-O O-O 7. Nbd2 Nbd7 8. b3
b6 9. Bb2 Bb7 10. Qe2 Qc7 11. Rac1 Rac8 12. e4 dxe4 13. Nxe4 Rfe8 14. Nxf6+
Bxf6 15. Ne5 c5 16. Bxh7+ Kxh7 17. Qh5+ Kg8 18. Qxf7+ Kh8 19. Qh5+ Kg8 20. Qf7+
Kh8 21. Rc3 Be4 22. Rh3+ Bh7 23. Ng6# 1-0

[Event "31. Torneo San Viator 2019 - Grupo B"]
[Site "Madrid ESP"]
[Date "2019.09.08"]
[Round "1.2"]
[White "Giron Herranz, Juan"]
[Black "Perez Sempere, Alberto"]
[Result "1-0"]
[WhiteElo "1439"]
[BlackElo "1719"]
[PlyCount "73"]
[EventDate "2019.09.08"]
[EventType "swiss"]
[EventRounds "9"]
[EventCountry "ESP"]
[SourceTitle "Ajedrez en Madrid"]
[Source "lmi"]
[SourceDate "2019.09.08"]
[SourceVersion "1"]
[SourceVersionDate "2019.10.29"]
[SourceQuality "1"]

1. d4 d5 2. c4 c6 3. Nc3 e6 4. Nf3 dxc4 5. e4 b5 6. Be2 Nf6 7. Bg5 Be7 8. a4 b4
9. Bxf6 Bxf6 10. Nb1 a5 11. Bxc4 Nd7 12. Qd3 Nb6 13. Nbd2 O-O 14. O-O Nxc4 15.
Nxc4 Ba6 16. Rfd1 Qc7 17. e5 Be7 18. Nfd2 Rfd8 19. Ne4 c5 20. Qb3 cxd4 21. Ncd6
d3 22. Rac1 Qb6 23. Rxd3 Bxd3 24. Qxd3 Ra7 25. Qc4 Qa6 26. Nb5 Rad7 27. Ned6
Qa8 28. Nc7 Qb8 29. Nxe6 Bxd6 30. Nxd8 Qxd8 31. exd6 Rxd6 32. g3 h6 33. Qg4 Qf6
34. Qe4 g6 35. Qe8+ Kh7 36. Rc7 Kg7 37. Rc8 1-0

[Event "31. Torneo San Viator 2019 - Grupo B"]
[Site "Madrid ESP"]
[Date "2019.09.08"]
[Round "1.3"]
[White "Sanchez Gomez, Emiliano"]
[Black "Menendez Domes, Juan"]
[Result "1/2-1/2"]
[WhiteElo "1700"]
[BlackElo "1437"]
[PlyCount "64"]
[EventDate "2019.09.08"]
[EventType "swiss"]
[EventRounds "9"]
[EventCountry "ESP"]
[SourceTitle "Ajedrez en Madrid"]
[Source "lmi"]
[SourceDate "2019.09.08"]
[SourceVersion "1"]
[SourceVersionDate "2019.10.29"]
[SourceQuality "1"]

1. e4 e5 2. Nf3 Nc6 3. Bb5 a6 4. Ba4 Nf6 5. d4 exd4 6. O-O Bc5 7. e5 Nd5 8. c3
Nb6 9. cxd4 Nxa4 10. Qxa4 b5 11. Qd1 Bb6 12. d5 Ne7 13. Bg5 d6 14. exd6 Qxd6
15. Bxe7 Kxe7 16. Re1+ Kf8 17. Nc3 Bb7 18. a3 Qc5 19. Qd2 Rd8 20. Rad1 f6 21.
b4 Qd6 22. Qa2 Re8 23. Rxe8+ Kxe8 24. Re1+ Kd8 25. Re6 Qd7 26. h3 Re8 27. Rxe8+
Qxe8 28. Qd2 Kc8 29. Qd3 g6 30. h4 c5 31. dxc6 Bxc6 32. Nd5 Bd8 1/2-1/2

[Event "31. Torneo San Viator 2019 - Grupo B"]
[Site "Madrid ESP"]
[Date "2019.09.08"]
[Round "1.4"]
[White "Gallego Romero, Manuel"]
[Black "Caamaño Jimenez, Luis"]
[Result "0-1"]
[WhiteElo "1421"]
[BlackElo "1699"]
[PlyCount "120"]
[EventDate "2019.09.08"]
[EventType "swiss"]
[EventRounds "9"]
[EventCountry "ESP"]
[SourceTitle "Ajedrez en Madrid"]
[Source "lmi"]
[SourceDate "2019.09.08"]
[SourceVersion "1"]
[SourceVersionDate "2019.10.29"]
[SourceQuality "1"]

1. e4 d6 2. d4 g6 3. f4 Bg7 4. Nf3 Nd7 5. c3 e5 6. d5 exf4 7. Bxf4 Ngf6 8. Bd3
O-O 9. O-O Nc5 10. Bg5 h6 11. Bxf6 Bxf6 12. Bc2 Re8 13. Re1 Nd7 14. Nbd2 Ne5
15. Nxe5 Bxe5 16. Nf3 Bg4 17. h3 Bd7 18. Nxe5 Rxe5 19. Qf3 Qg5 20. Qe3 Qxe3+
21. Rxe3 Rae8 22. Rae1 f5 23. c4 f4 24. Rf3 g5 25. Ref1 Kg7 26. Kh2 R8e7 27.
R1f2 Be8 28. g4 Bg6 29. h4 Bxe4 30. Bxe4 Rxe4 31. b3 Re2 32. Kg2 Rxf2+ 33. Kxf2
Kf6 34. h5 Ke5 35. Rd3 Kf6 36. Kf3 Re1 37. Rd2 Re3+ 38. Kg2 Ke5 39. Rf2 Kd4 40.
Rf3 Rxf3 41. Kxf3 Kc3 42. Ke4 Kb2 43. b4 Kxa2 44. c5 Kb3 45. cxd6 cxd6 46. Kf5
f3 47. Kg6 f2 48. Kxh6 f1=Q 49. Kxg5 Qc1+ 50. Kf5 Qc2+ 51. Ke6 Qe4+ 52. Kxd6
Qxb4+ 53. Kc7 Qe7+ 54. Kc8 a5 55. h6 Qf8+ 56. Kxb7 Qxh6 57. Kc7 Qg7+ 58. Kc6
Qxg4 59. d6 a4 60. d7 Qxd7+ 0-1

[Event "31. Torneo San Viator 2019 - Grupo B"]
[Site "Madrid ESP"]
[Date "2019.09.08"]
[Round "1.5"]
[White "Navarro Gonzalez, Jaime"]
[Black "Lopez Sanz, David"]
[Result "1-0"]
[WhiteElo "1695"]
[BlackElo "1411"]
[PlyCount "43"]
[EventDate "2019.09.08"]
[EventType "swiss"]
[EventRounds "9"]
[EventCountry "ESP"]
[SourceTitle "Ajedrez en Madrid"]
[Source "lmi"]
[SourceDate "2019.09.08"]
[SourceVersion "1"]
[SourceVersionDate "2019.10.29"]
[SourceQuality "1"]

1. d4 Nf6 2. c4 c5 3. d5 e5 4. Nc3 d6 5. e4 Be7 6. f4 Nbd7 7. Nf3 O-O 8. Bd3
Ne8 9. O-O g6 10. f5 Ng7 11. Bh6 Kh8 12. g4 gxf5 13. exf5 Nf6 14. Bxg7+ Kxg7
15. g5 Kh8 16. gxf6 Bxf6 17. Kh1 Bd7 18. Rg1 Qb6 19. Qd2 Rg8 20. Ne4 Qd8 21.
Rxg8+ Kxg8 22. Rg1+ 1-0

[Event "31. Torneo San Viator 2019 - Grupo B"]
[Site "Madrid ESP"]
[Date "2019.09.08"]
[Round "1.6"]
[White "Fente Fernandez, Jose Ignacio"]
[Black "Arias Cusio, Oscar"]
[Result "0-1"]
[WhiteElo "1410"]
[BlackElo "1690"]
[PlyCount "54"]
[EventDate "2019.09.08"]
[EventType "swiss"]
[EventRounds "9"]
[EventCountry "ESP"]
[SourceTitle "Ajedrez en Madrid"]
[Source "lmi"]
[SourceDate "2019.09.08"]
[SourceVersion "1"]
[SourceVersionDate "2019.10.29"]
[SourceQuality "1"]

1. e4 e5 2. Nf3 Nc6 3. Bc4 Be7 4. Nc3 d6 5. d3 Bg4 6. h3 Bh5 7. Be3 Nf6 8. O-O
a6 9. a3 Qd7 10. b4 Nd4 11. Bxd4 exd4 12. Ne2 Bxf3 13. gxf3 c5 14. Kh2 Qc7 15.
Kh1 Rd8 16. Nf4 Qd7 17. Kh2 O-O 18. Rg1 d5 19. Bxd5 Bd6 20. Qf1 Bxf4+ 21. Kh1
Nxd5 22. Qg2 g6 23. exd5 Qxd5 24. Qg4 Bh6 25. h4 Rd6 26. h5 Rf6 27. Rg3 Bf4 0-1

[Event "31. Torneo San Viator 2019 - Grupo B"]
[Site "Madrid ESP"]
[Date "2019.09.08"]
[Round "1.7"]
[White "San Felipe Gonzalez, Tomas"]
[Black "Caparros Armand, M Isabel"]
[Result "1-0"]
[WhiteElo "1673"]
[BlackElo "1406"]
[PlyCount "61"]
[EventDate "2019.09.08"]
[EventType "swiss"]
[EventRounds "9"]
[EventCountry "ESP"]
[SourceTitle "Ajedrez en Madrid"]
[Source "lmi"]
[SourceDate "2019.09.08"]
[SourceVersion "1"]
[SourceVersionDate "2019.10.29"]
[SourceQuality "1"]

1. d4 Nf6 2. c4 g6 3. Nc3 Bg7 4. e4 d6 5. f3 O-O 6. Be3 e5 7. dxe5 dxe5 8. Qxd8
Rxd8 9. Nd5 Nxd5 10. cxd5 c6 11. Bc4 b5 12. Bb3 a5 13. a3 Bb7 14. dxc6 Bxc6 15.
Kf2 a4 16. Ba2 Na6 17. Rc1 Bb7 18. Ne2 Rac8 19. Nc3 b4 20. Nxa4 bxa3 21. bxa3
Bf8 22. Nb6 Rxc1 23. Rxc1 Bxa3 24. Rc2 Nb4 25. Bxf7+ Kxf7 26. Rc7+ Kg8 27. Rxb7
Nd3+ 28. Kg3 Bb4 29. Kg4 Ne1 30. Nd5 Bf8 31. Nf6+ 1-0

[Event "31. Torneo San Viator 2019 - Grupo B"]
[Site "Madrid ESP"]
[Date "2019.09.08"]
[Round "1.8"]
[White "Torrecillas Adan, Luis"]
[Black "Gil Calvente, Jose Antonio"]
[Result "0-1"]
[WhiteElo "1400"]
[BlackElo "1666"]
[PlyCount "68"]
[EventDate "2019.09.08"]
[EventType "swiss"]
[EventRounds "9"]
[EventCountry "ESP"]
[SourceTitle "Ajedrez en Madrid"]
[Source "lmi"]
[SourceDate "2019.09.08"]
[SourceVersion "1"]
[SourceVersionDate "2019.10.29"]
[SourceQuality "1"]

1. e4 e5 2. Nf3 Nc6 3. Bb5 a6 4. Bxc6 dxc6 5. h3 Bc5 6. d3 f6 7. O-O Be6 8. c3
Qd7 9. Nxe5 fxe5 10. Qh5+ Qf7 11. Qxe5 Bd6 12. Qg5 Nf6 13. e5 h6 14. Qg3 Nh5
15. Qe3 Be7 16. g4 Bg5 17. f4 Nxf4 18. Rxf4 Bxf4 19. Qxf4 O-O 20. Qxf7+ Rxf7
21. Nd2 Raf8 22. b3 Rf2 23. Ne4 Re2 24. Ba3 Rf3 25. g5 Bxh3 26. Bc5 Rxd3 27.
Nf2 Rxc3 28. Bd4 Rf3 29. Nxh3 Rxh3 30. gxh6 gxh6 31. Rf1 Rg3+ 32. Kh1 Rg6 33.
a4 Re4 34. Bf2 Rxe5 0-1

[Event "31. Torneo San Viator 2019 - Grupo B"]
[Site "Madrid ESP"]
[Date "2019.09.08"]
[Round "1.9"]
[White "Arribas Lopez, Sara"]
[Black "Barragan Sanchez, Enrique"]
[Result "1-0"]
[WhiteElo "1661"]
[BlackElo "1364"]
[PlyCount "67"]
[EventDate "2019.09.08"]
[EventType "swiss"]
[EventRounds "9"]
[EventCountry "ESP"]
[SourceTitle "Ajedrez en Madrid"]
[Source "lmi"]
[SourceDate "2019.09.08"]
[SourceVersion "1"]
[SourceVersionDate "2019.10.29"]
[SourceQuality "1"]

1. e4 c6 2. d4 d5 3. e5 Bf5 4. h3 Nd7 5. Nf3 e6 6. c4 Ne7 7. Nc3 Bg6 8. Qb3 Qb6
9. Qxb6 Nxb6 10. b3 Nf5 11. g4 Bb4 12. Bd2 Ne7 13. Nb1 Bxd2+ 14. Nbxd2 O-O-O
15. c5 Nd7 16. b4 Be4 17. Nxe4 dxe4 18. Ng5 Rdf8 19. Nxe4 f5 20. Nd6+ Kb8 21.
g5 h6 22. Rg1 Ng6 23. b5 Kc7 24. bxc6 bxc6 25. Rb1 Rb8 26. Rxb8 Rxb8 27. gxh6
Nh4 28. Rxg7 Nf3+ 29. Ke2 Nxd4+ 30. Kd3 Nf3 31. h7 Nfxe5+ 32. Ke3 Rh8 33. f4
Ng6 34. Nf7 1-0

[Event "31. Torneo San Viator 2019 - Grupo B"]
[Site "Madrid ESP"]
[Date "2019.09.08"]
[Round "1.10"]
[White "Bergas Moreno, Francisco J"]
[Black "Marcelo De La Mata, Daniel"]
[Result "0-1"]
[WhiteElo "1325"]
[BlackElo "1658"]
[PlyCount "96"]
[EventDate "2019.09.08"]
[EventType "swiss"]
[EventRounds "9"]
[EventCountry "ESP"]
[SourceTitle "Ajedrez en Madrid"]
[Source "lmi"]
[SourceDate "2019.09.08"]
[SourceVersion "1"]
[SourceVersionDate "2019.10.29"]
[SourceQuality "1"]

1. c4 f5 2. Nc3 Nf6 3. d3 Nc6 4. Nf3 d6 5. g3 e5 6. Bg5 Be7 7. Bg2 O-O 8. O-O
Be6 9. Bd2 Qd7 10. Ng5 Nd8 11. Nxe6 Qxe6 12. Bg5 c6 13. a3 Nf7 14. Bxf6 Bxf6
15. Qc2 Qd7 16. Rab1 Rac8 17. b4 d5 18. Qb3 d4 19. Na4 Qe7 20. Nb2 Qe6 21. Rfd1
Nd6 22. a4 b5 23. axb5 Nxb5 24. Na4 Nd6 25. Nc5 Qf7 26. b5 cxb5 27. Bd5 Rxc5
28. Bxf7+ Rxf7 29. cxb5 Nxb5 30. Kf1 Nc3 31. Rdc1 Nxb1 32. Rxc5 Nd2+ 33. Kg2
Nxb3 34. Rc8+ Rf8 35. Rc4 Rb8 36. f3 a5 37. h3 Rb4 38. Rc8+ Kf7 39. g4 fxg4 40.
hxg4 Kg6 41. Kg3 a4 42. f4 Nd2 43. f5+ Kg5 44. Rc1 Rb1 45. Rc8 Ne4+ 46. dxe4 a3
47. Rh8 h6 48. Ra8 Rb3+ 0-1

[Event "31. Torneo San Viator 2019 - Grupo B"]
[Site "Madrid ESP"]
[Date "2019.09.08"]
[Round "1.11"]
[White "Duran Andres, Rodrigo"]
[Black "Perales Hernandez, Manuel"]
[Result "1-0"]
[WhiteElo "1460"]
[BlackElo "1324"]
[PlyCount "55"]
[EventDate "2019.09.08"]
[EventType "swiss"]
[EventRounds "9"]
[EventCountry "ESP"]
[SourceTitle "Ajedrez en Madrid"]
[Source "lmi"]
[SourceDate "2019.09.08"]
[SourceVersion "1"]
[SourceVersionDate "2019.10.29"]
[SourceQuality "1"]

1. d4 d5 2. Nf3 Nc6 3. Bf4 Bf5 4. e3 a6 5. c4 e6 6. Nc3 Nb4 7. Rc1 c6 8. a3 Qa5
9. axb4 Bxb4 10. Bd3 Bxc3+ 11. bxc3 Bxd3 12. Qxd3 Qa3 13. O-O Nf6 14. c5 O-O
15. Ra1 Qb3 16. Nd2 Qb5 17. c4 dxc4 18. Nxc4 a5 19. Rfb1 Qa6 20. Rxa5 Qxa5 21.
Nxa5 Rxa5 22. h3 Rd8 23. Bc7 Rda8 24. Bxa5 Rxa5 25. Rxb7 g6 26. Qc3 Ra2 27. d5
Ne4 28. Rb8# 1-0

[Event "31. Torneo San Viator 2019 - Grupo B"]
[Site "Madrid ESP"]
[Date "2019.09.08"]
[Round "1.12"]
[White "Periotto Miori, Caterina"]
[Black "Jimenez Alvaro, Angel"]
[Result "0-1"]
[WhiteElo "1321"]
[BlackElo "1618"]
[PlyCount "50"]
[EventDate "2019.09.08"]
[EventType "swiss"]
[EventRounds "9"]
[EventCountry "ESP"]
[SourceTitle "Ajedrez en Madrid"]
[Source "lmi"]
[SourceDate "2019.09.08"]
[SourceVersion "1"]
[SourceVersionDate "2019.10.29"]
[SourceQuality "1"]

1. Nf3 e6 2. c4 f5 3. g3 Nf6 4. Bg2 Be7 5. O-O O-O 6. d4 d6 7. b3 Qe8 8. Nbd2
Nbd7 9. Bb2 Bd8 10. Re1 e5 11. dxe5 dxe5 12. e3 c6 13. Qc2 e4 14. Nd4 Ne5 15.
Bf1 Qh5 16. Qd1 Qh6 17. Nxf5 Bxf5 18. Bxe5 Ng4 19. h3 Nxe5 20. Kh2 Ba5 21. Bg2
Bxd2 22. Qxd2 Nf3+ 23. Bxf3 Qxh3+ 24. Kg1 exf3 25. Red1 Qg2# 0-1

[Event "31. Torneo San Viator 2019 - Grupo B"]
[Site "Madrid ESP"]
[Date "2019.09.08"]
[Round "1.13"]
[White "Alcojor Patilla, Antonio"]
[Black "Medina Lucena, Emilio"]
[Result "1-0"]
[WhiteElo "1602"]
[BlackElo "1315"]
[PlyCount "87"]
[EventDate "2019.09.08"]
[EventType "swiss"]
[EventRounds "9"]
[EventCountry "ESP"]
[SourceTitle "Ajedrez en Madrid"]
[Source "lmi"]
[SourceDate "2019.09.08"]
[SourceVersion "1"]
[SourceVersionDate "2019.10.29"]
[SourceQuality "1"]

1. e4 e6 2. d4 d5 3. Nc3 Nf6 4. e5 Nfd7 5. f4 c5 6. Nf3 Nc6 7. Ne2 Be7 8. c3 b6
9. Ng3 g6 10. Bd3 cxd4 11. Nxd4 Nxd4 12. cxd4 Bb4+ 13. Bd2 Bxd2+ 14. Qxd2 a5
15. O-O Ba6 16. Ne2 Bxd3 17. Qxd3 O-O 18. Nc3 Nb8 19. Nb5 Na6 20. Rac1 Nb4 21.
Qb3 Rc8 22. Nd6 Rxc1 23. Rxc1 Qd7 24. a3 Na2 25. Qxa2 Qa4 26. b3 Qxd4+ 27. Qf2
Qxf2+ 28. Kxf2 f6 29. Rc8 fxe5 30. Rxf8+ Kxf8 31. fxe5 Ke7 32. Nc8+ Kd7 33.
Nxb6+ Kc6 34. Na4 d4 35. Kf3 Kd5 36. Nb6+ Kxe5 37. Nc4+ Kd5 38. Nxa5 e5 39. Nc4
e4+ 40. Ke2 h5 41. a4 g5 42. a5 Kc6 43. a6 d3+ 44. Ke3 1-0

[Event "31. Torneo San Viator 2019 - Grupo B"]
[Site "Madrid ESP"]
[Date "2019.09.08"]
[Round "1.14"]
[White "Jimenez Perez, Federico"]
[Black "Sanchez Rivero, Miguel"]
[Result "1/2-1/2"]
[WhiteElo "1291"]
[BlackElo "1581"]
[PlyCount "112"]
[EventDate "2019.09.08"]
[EventType "swiss"]
[EventRounds "9"]
[EventCountry "ESP"]
[SourceTitle "Ajedrez en Madrid"]
[Source "lmi"]
[SourceDate "2019.09.08"]
[SourceVersion "1"]
[SourceVersionDate "2019.10.29"]
[SourceQuality "1"]

1. e4 c5 2. Nf3 e6 3. Nc3 a6 4. d4 cxd4 5. Qxd4 Nc6 6. Qe3 Qc7 7. Bc4 Nb4 8.
Bb3 Nf6 9. e5 Nfd5 10. Nxd5 exd5 11. O-O Nxc2 12. Bxc2 Qxc2 13. Qf4 Be7 14. Nd4
Qg6 15. Nf5 Bc5 16. a3 d6 17. Nxd6+ Bxd6 18. exd6 O-O 19. h3 Bxh3 20. Qg3 Be6
21. Re1 Qxg3 22. fxg3 Rfd8 23. Bf4 Rac8 24. Rac1 Rc4 25. Rc3 Rxc3 26. bxc3 b5
27. Kf2 Rc8 28. Be5 Kf8 29. Bd4 g6 30. g4 Ke8 31. g5 Kd7 32. Be5 Rc4 33. g3 Re4
34. Rxe4 dxe4 35. Ke3 Bd5 36. Bf4 Ke6 37. Kd4 Bb7 38. c4 e3 39. d7 Kxd7 40.
Bxe3 Bc6 41. cxb5 Bxb5 42. Ke5 a5 43. Bb6 a4 44. Kd5 Be2 45. Kc5 Ke6 46. Bc7 f5
47. Bf4 Bd1 48. Kc6 Bc2 49. Kc7 Kd5 50. Kd7 Ke4 51. Ke7 Kf3 52. Kf7 Kg4 53. Kg7
Kh5 54. Kxh7 Bb3 55. Kg7 Bc4 56. Kf6 Bb5 1/2-1/2

[Event "31. Torneo San Viator 2019 - Grupo B"]
[Site "Madrid ESP"]
[Date "2019.09.08"]
[Round "1.15"]
[White "Del Noval Nemeshazi, Mario"]
[Black "Mora Gonzalez-Rojas, Francisco"]
[Result "1-0"]
[WhiteElo "1577"]
[BlackElo "1244"]
[PlyCount "53"]
[EventDate "2019.09.08"]
[EventType "swiss"]
[EventRounds "9"]
[EventCountry "ESP"]
[SourceTitle "Ajedrez en Madrid"]
[Source "lmi"]
[SourceDate "2019.09.08"]
[SourceVersion "1"]
[SourceVersionDate "2019.10.29"]
[SourceQuality "1"]

1. e4 e5 2. Nf3 d6 3. d4 exd4 4. Nxd4 Nf6 5. Nc3 Bg4 6. f3 Bh5 7. h4 h6 8. g4
Bg6 9. Be3 Be7 10. Qd2 O-O 11. O-O-O Re8 12. g5 Nh5 13. f4 Ng3 14. Rg1 Nxe4 15.
Nxe4 Bxe4 16. gxh6 g6 17. Qc3 Bf6 18. Qb3 Nd7 19. Bc4 Qe7 20. f5 Bxd4 21. Bxd4
Bxf5 22. Bd3 Qxh4 23. Bxf5 Qf4+ 24. Kb1 Qxf5 25. h7+ Kxh7 26. Rh1+ Kg8 27. Rh8#
1-0

[Event "31. Torneo San Viator 2019 - Grupo B"]
[Site "Madrid ESP"]
[Date "2019.09.08"]
[Round "1.16"]
[White "Gonzalez Santos, Pedro"]
[Black "Rey Martinez, Jaime"]
[Result "0-1"]
[WhiteElo "1225"]
[BlackElo "1564"]
[PlyCount "100"]
[EventDate "2019.09.08"]
[EventType "swiss"]
[EventRounds "9"]
[EventCountry "ESP"]
[SourceTitle "Ajedrez en Madrid"]
[Source "lmi"]
[SourceDate "2019.09.08"]
[SourceVersion "1"]
[SourceVersionDate "2019.10.29"]
[SourceQuality "1"]

1. e4 c5 2. Nf3 e6 3. d4 cxd4 4. Nxd4 Nf6 5. Nc3 Bb4 6. Bd2 Bxc3 7. Bxc3 O-O 8.
Bd3 a6 9. O-O d6 10. f4 Nbd7 11. Qe2 Qc7 12. Kh1 b6 13. Rae1 Bb7 14. e5 Nd5 15.
Bd2 h6 16. Be4 dxe5 17. fxe5 Qxe5 18. Bh7+ Kh8 19. Qxe5 Nxe5 20. Be4 Nc4 21.
Bxd5 Bxd5 22. Bc3 Kg8 23. Nf3 Rac8 24. Ne5 Nxe5 25. Rxe5 Bxa2 26. Bb4 Rfd8 27.
b3 Rxc2 28. Re3 a5 29. Ba3 Rdd2 30. Rg3 b5 31. Bc1 Re2 32. Bxh6 Kh7 33. Bxg7
Bxb3 34. Rxb3 Kxg7 35. Rg3+ Kf8 36. h4 Re5 37. Rd1 Rh5 38. Rh3 Ke7 39. g4 Rh8
40. h5 Rc4 41. Rg1 b4 42. Ra1 Rxg4 43. Rxa5 f5 44. h6 Rg6 45. h7 Rg7 46. Ra7+
Kf6 47. Rxg7 Kxg7 48. Kg2 Rxh7 49. Rb3 Rh4 50. Rg3+ Rg4 0-1

[Event "31. Torneo San Viator 2019 - Grupo B"]
[Site "Madrid ESP"]
[Date "2019.09.08"]
[Round "1.17"]
[White "Martinez Martinez, Javier II"]
[Black "Carrera Mellado, Sergio"]
[Result "1-0"]
[WhiteElo "1558"]
[BlackElo "1202"]
[PlyCount "59"]
[EventDate "2019.09.08"]
[EventType "swiss"]
[EventRounds "9"]
[EventCountry "ESP"]
[SourceTitle "Ajedrez en Madrid"]
[Source "lmi"]
[SourceDate "2019.09.08"]
[SourceVersion "1"]
[SourceVersionDate "2019.10.29"]
[SourceQuality "1"]

1. d4 Nf6 2. Nf3 g6 3. Bg5 Bg7 4. Nbd2 d5 5. e3 O-O 6. Bd3 c5 7. c3 b6 8. Qe2
Bb7 9. Bxf6 exf6 10. h4 h5 11. Rc1 Bc8 12. Nh2 Re8 13. g4 f5 14. gxh5 Qxh4 15.
hxg6 fxg6 16. Ndf3 Qf6 17. Kd2 c4 18. Bc2 b5 19. Rcg1 Be6 20. Ne5 g5 21. Qh5
Nd7 22. Nxd7 Bxd7 23. Rxg5 f4 24. Nf3 fxe3+ 25. fxe3 Re7 26. Qh7+ Kf7 27. Qh5+
Kg8 28. Rg6 Be8 29. Qh7+ Kf7 30. Rxf6+ 1-0

[Event "31. Torneo San Viator 2019 - Grupo B"]
[Site "Madrid ESP"]
[Date "2019.09.08"]
[Round "1.18"]
[White "Lavado Peña, David"]
[Black "Campos Calderon, David"]
[Result "0-1"]
[WhiteElo "1184"]
[BlackElo "1549"]
[PlyCount "58"]
[EventDate "2019.09.08"]
[EventType "swiss"]
[EventRounds "9"]
[EventCountry "ESP"]
[SourceTitle "Ajedrez en Madrid"]
[Source "lmi"]
[SourceDate "2019.09.08"]
[SourceVersion "1"]
[SourceVersionDate "2019.10.29"]
[SourceQuality "1"]

1. c4 e5 2. Nc3 Nf6 3. g3 d5 4. cxd5 Nxd5 5. Bg2 Be6 6. e3 Nc6 7. Nge2 Be7 8.
O-O O-O 9. d4 exd4 10. exd4 Qd7 11. a3 Bf6 12. Bf4 Nxf4 13. Nxf4 Nxd4 14. Nxe6
Qxe6 15. Nd5 Rac8 16. Re1 Qd6 17. Rc1 Nc6 18. Nxf6+ Qxf6 19. Rc3 Rfd8 20. Qc2
Nd4 21. Qc1 c6 22. Qe3 h6 23. b4 Nf5 24. Qc1 Re8 25. Rc2 Nd4 26. Rc4 Ne2+ 27.
Rxe2 Rxe2 28. b5 Qxf2+ 29. Kh1 Qxg2# 0-1

[Event "31. Torneo San Viator 2019 - Grupo B"]
[Site "Madrid ESP"]
[Date "2019.09.08"]
[Round "1.19"]
[White "Lopez Guitian, Juan J."]
[Black "Higueruela Fernandez, Mario"]
[Result "1-0"]
[WhiteElo "1541"]
[BlackElo "1131"]
[PlyCount "77"]
[EventDate "2019.09.08"]
[EventType "swiss"]
[EventRounds "9"]
[EventCountry "ESP"]
[SourceTitle "Ajedrez en Madrid"]
[Source "lmi"]
[SourceDate "2019.09.08"]
[SourceVersion "1"]
[SourceVersionDate "2019.10.29"]
[SourceQuality "1"]

1. g3 f5 2. Bg2 Nf6 3. Nc3 e6 4. e4 fxe4 5. Nxe4 d5 6. Nxf6+ Qxf6 7. Nf3 Nc6 8.
d4 Bd6 9. O-O h6 10. c3 Bd7 11. Re1 O-O-O 12. b4 Be8 13. a4 b6 14. h3 Bg6 15.
Nh2 Rhf8 16. Ra2 Rde8 17. Re3 e5 18. Bxd5 Nd8 19. Bg2 e4 20. d5 Qf7 21. c4 Bh5
22. g4 Bf4 23. Rxe4 Rxe4 24. Bxe4 Re8 25. Bf5+ Kb8 26. Bxf4 Bg6 27. Bxg6 Qxg6
28. Bg3 Rh8 29. Rd2 Nf7 30. c5 Ng5 31. Kg2 h5 32. h4 Qe4+ 33. f3 Qe3 34. hxg5
Qxg5 35. gxh5 Qxh5 36. d6 Qh3+ 37. Kf2 Qd7 38. dxc7+ Qxc7 39. Bxc7+ 1-0

[Event "31. Torneo San Viator 2019 - Grupo B"]
[Site "Madrid ESP"]
[Date "2019.09.08"]
[Round "1.20"]
[White "Perez Ramos, Miguel Angel"]
[Black "Benitez Cadenas, Luis Miguel"]
[Result "0-1"]
[WhiteElo "1128"]
[BlackElo "1535"]
[PlyCount "102"]
[EventDate "2019.09.08"]
[EventType "swiss"]
[EventRounds "9"]
[EventCountry "ESP"]
[SourceTitle "Ajedrez en Madrid"]
[Source "lmi"]
[SourceDate "2019.09.08"]
[SourceVersion "1"]
[SourceVersionDate "2019.10.29"]
[SourceQuality "1"]

1. e4 e5 2. Nf3 Nf6 3. Nc3 Bb4 4. Bc4 d6 5. a3 Ba5 6. b4 Bb6 7. h3 O-O 8. O-O
a5 9. b5 Nbd7 10. d4 exd4 11. Nxd4 Ne5 12. Bb3 Re8 13. Bg5 h6 14. Bh4 g5 15.
Bg3 Ned7 16. Nf5 Kh7 17. Re1 Nc5 18. Bxf7 Rf8 19. Bc4 Ncxe4 20. Nxe4 Bxf5 21.
Bd5 Bxe4 22. Bxe4+ Nxe4 23. Rxe4 Qf6 24. Re2 Rae8 25. Qd3+ Kg7 26. Rae1 Rxe2
27. Rxe2 h5 28. Qe4 Qa1+ 29. Re1 Qf6 30. Qe7+ Rf7 31. Qxf6+ Rxf6 32. Re2 h4 33.
Bh2 Kf7 34. Kf1 Re6 35. Rxe6 Kxe6 36. Ke2 Kd5 37. g3 Kc4 38. a4 Kb4 39. f4 gxf4
40. gxf4 Kxa4 41. f5 Bd4 42. Kd3 Bf6 43. c4 Kb4 44. Bf4 Kb3 45. c5 dxc5 46. Ke4
a4 47. Be5 Bxe5 48. Kxe5 a3 49. f6 a2 50. f7 a1=Q+ 51. Ke6 Qg7 0-1

[Event "31. Torneo San Viator 2019 - Grupo B"]
[Site "Madrid ESP"]
[Date "2019.09.08"]
[Round "1.21"]
[White "Castro Uceda, Jose Antonio"]
[Black "Giron Herranz, Ivan"]
[Result "1-0"]
[WhiteElo "1518"]
[BlackElo "1097"]
[PlyCount "34"]
[EventDate "2019.09.08"]
[EventType "swiss"]
[EventRounds "9"]
[EventCountry "ESP"]
[SourceTitle "Ajedrez en Madrid"]
[Source "lmi"]
[SourceDate "2019.09.08"]
[SourceVersion "1"]
[SourceVersionDate "2019.10.29"]
[SourceQuality "1"]

1. e4 e6 2. d4 d5 3. exd5 exd5 4. Bd3 Nf6 5. Nf3 Bd6 6. h3 h6 7. O-O O-O 8. Re1
Re8 9. c3 Bd7 10. Ne5 Nc6 11. Bf4 Bxe5 12. Bxe5 Nxe5 13. dxe5 Qe7 14. Nd2 Bc6
15. exf6 Qxe1+ 16. Qxe1 Rxe1+ 17. Rxe1 gxf6 1-0

[Event "31. Torneo San Viator 2019 - Grupo B"]
[Site "Madrid ESP"]
[Date "2019.09.08"]
[Round "1.22"]
[White "Martin Sanchez, Ivan"]
[Black "Hernandez Tadeo, Gabriel"]
[Result "0-1"]
[WhiteElo "1095"]
[BlackElo "1511"]
[PlyCount "46"]
[EventDate "2019.09.08"]
[EventType "swiss"]
[EventRounds "9"]
[EventCountry "ESP"]
[SourceTitle "Ajedrez en Madrid"]
[Source "lmi"]
[SourceDate "2019.09.08"]
[SourceVersion "1"]
[SourceVersionDate "2019.10.29"]
[SourceQuality "1"]

1. d4 Nf6 2. e3 e6 3. Bd3 d5 4. Nf3 c5 5. dxc5 Bxc5 6. c3 Nc6 7. Nbd2 e5 8. Qa4
e4 9. Ne5 Be7 10. Bb5 Qc7 11. Nxc6 bxc6 12. Bxc6+ Bd7 13. Bxd7+ Nxd7 14. c4 O-O
15. cxd5 Nc5 16. Qd4 Bf6 17. Qb4 Nd3+ 18. Ke2 Nxb4 19. Nxe4 Qc4+ 20. Kd1 Qxe4
21. f3 Qc2+ 22. Ke1 Nd3+ 23. Kf1 Qf2# 0-1